Hodnotenie investícií s možnosťou realizácie zmien

Využitie reálnych opcií pri hodnotení projektov. Východiská reálnych opcií. Typy reálnych opcií. Vládna pomoc ako balík opcií.

Guardado en:
Detalles Bibliográficos
Autor principal: Grisáková, Nora, 1978-
Otros Autores: Rybárová, Daniela, 1967-
Formato: Capítulo de libro
Lenguaje:eslovaco
Materias:
Etiquetas: Agregar Etiqueta
Sin Etiquetas, Sea el primero en etiquetar este registro!

MARC

LEADER 00000naa a2200000 4500
001 0246522
005 20240524070826.5
041 0 |a slo 
044 |a SK 
245 1 0 |a Hodnotenie investícií s možnosťou realizácie zmien  |c Nora Grisáková, Daniela Rybárová 
520 |a Využitie reálnych opcií pri hodnotení projektov. Východiská reálnych opcií. Typy reálnych opcií. Vládna pomoc ako balík opcií. 
610 2 0 |a investície 
610 2 0 |a projekty investičné 
610 2 0 |a opcie reálne 
100 1 |a Grisáková, Nora, 1978- 
700 1 |a Rybárová, Daniela, 1967-